| 000 | 00730nam a22002417a 4500 | ||
|---|---|---|---|
| 999 |
_c43120 _d43120 |
||
| 001 | 14223 | ||
| 003 | CO-MdFUSB | ||
| 005 | 20180622073152.0 | ||
| 008 | 160824t1942 cl ||||| |||| 00| 0 spa d | ||
| 020 | _a956-13-1245-X | ||
| 040 |
_cCO-MdFUSB _dCO-MdFUSB _aCO-MdFUSB _bspa _erda |
||
| 041 | 0 |
_aspa _heng |
|
| 082 | 0 | 4 | _aG 230 L6731n |
| 100 | 1 |
_aLewis, C. S. (Clive Staples) (1898-1963) _eautor |
|
| 245 | 0 | 0 |
_aMero cristianismo _c / C. S. Lewis ; Paulina Matta, Traductor |
| 264 | 4 |
_aChile : _bAndrés Bello, _c©1942 |
|
| 300 | _a178 Pág. | ||
| 336 |
_2rdacontent _atexto _btxt |
||
| 337 |
_2rdamedia _asin mediación _bn |
||
| 338 |
_2rdacarrier _avolumen _bnc |
||
| 500 | _aTítulo original : Mere chistianity | ||
| 942 | _cBK | ||